太鼓の達人 レッドVer.段位道場 課題曲 - Statistics

General Stats
  • This quiz has been taken 5 times
  • The average score is 12 of 75
Answer Stats
段位 曲名 % Correct
八段2nd 天狗囃子
75%
十段3rd そつおめしき
75%
達人1st 双竜ノ乱
75%
達人3rd 幽玄ノ乱
75%
達人2nd ≠MM
75%
玄人2nd VERTeX
75%
初段1st 夏祭り
50%
七段2nd がしゃどくろ
50%
九段1st 闇の魔法少女
50%
玄人1st 天照
50%
玄人3rd ゴーストマスク
50%
超人2nd 美しく忙しきドナウ(裏)
50%
十段2nd Ignis Danse
50%
六級1st ルカルカ★ナイトフィーバー
25%
二級2nd ロストワンの号哭
25%
初段2nd 名探偵コナン メイン・テーマ
25%
三段3rd オフ♨ロック
25%
五段3rd ボクハシンセ
25%
六段2nd うそうそ時
25%
七段3rd 東京テディベア
25%
十段1st 朱の旋律
25%
超人1st BLAZING VORTEX(裏)
25%
超人3rd 冷凍庫CJ 〜嗚呼面太鼓ブラザーズ〜
25%
名人3rd FLOWER(裏)
25%
八段1st Garakuta Doll Play
25%
名人1st Got more raves?(裏)
25%
八段3rd 夏竜 〜Karyu〜(裏)
25%
九段2nd New World
25%
九段3rd Princess of Donder
25%
名人2nd 秋竜 〜Shiuryu〜(裏)
25%
初級2nd さくらんぼ
0%
初級3rd 私以外私じゃないの
0%
十級1st スタートライン!
0%
十級2nd みんながみんな英雄
0%
九級1st ひまわりの約束
0%
九級3rd ラブソングはとまらないよ
0%
八級2nd シュガーソングとビターステップ
0%
七級3rd それは僕たちの奇跡
0%
六級2nd ゴーストルール
0%
六級3rd チルドレンレコード
0%
五級1st あったかいんだからぁ♪
0%
五級3rd ラッスンゴレライ
0%
四級1st 色は匂えど散りぬるを
0%
四級3rd 明星ロケット
0%
三級2nd かくしん的☆めたまるふぉ〜ぜっ!
0%
三級3rd キラメキラリ
0%
二級1st ハロー!ハロウィン
0%
一級3rd てんびん座急行 夜を行く
0%
初段3rd ユウガオノキミ
0%
二段1st タイムトラベラー
0%
二段3rd 伝説の祭り
0%
三段1st 君のプラネット
0%
四段1st 豊穣弥生
0%
四段2nd サーフサイド・サティ
0%
五段2nd らんぶる乱舞
0%
六段3rd 化物月夜
0%
十級3rd キミに100パーセント!
0%
初級1st 365日の紙飛行機
0%
七級1st Angelic Angel
0%
八級1st ANTI-HERO
0%
四級2nd Bad Apple!! feat.nomico
0%
六段1st ツンデレcaféへようこそ☆
0%
三級1st Daydream café
0%
二段2nd Du-Du-Wa DO IT!!
0%
九級2nd Highschool♡love
0%
二級3rd M.S.S.Planet
0%
四段3rd 夜想曲Op.9-2
0%
一級1st Over Clock〜開放〜
0%
五級2nd PERFECT HUMAN
0%
七級2nd QUESTION
0%
五段1st カノン(シンクロニカRemix)
0%
一級2nd Scars of FAUNA
0%
八級3rd talking
0%
三段2nd TO MAKE THE END OF BATTLE
0%
七段1st Xa
0%
No matching quizzes found
Score Distribution
Percent of People with Each Score
Percentile by Number Answered
Your Score History
You have not taken this quiz